Phân tích, thiết kế và xây dựng hệ thống nhà kho dữ liệu cho hệ thống thông tin trường Đại học Cần Thơ : Báo cáo tổng kết đề tài khoa học và công nghệ cấp Trường

Mục tiêu của đề tài nghiên cứu và xây dựng hệ thống DWH-BI nhằm khai thác hiệu quả khối lượng dữ liệu dữ liệu khổng lồ của ĐHCT.

Guardado en:
Detalles Bibliográficos
Autor principal: Nguyễn, Hữu Hòa
Formato: Libro
Lenguaje:Undetermined
Publicado: Cần Thơ Trường Đại học Cần Thơ 2015
Materias:
Etiquetas: Agregar Etiqueta
Sin Etiquetas, Sea el primero en etiquetar este registro!
Thư viện lưu trữ: Trung tâm Học liệu Trường Đại học Cần Thơ
LEADER 01204nam a2200217Ia 4500
001 CTU_210396
008 210402s9999 xx 000 0 und d
082 |a 005.743 
082 |b H401 
088 |a T2007-15 
100 |a Nguyễn, Hữu Hòa 
245 0 |a Phân tích, thiết kế và xây dựng hệ thống nhà kho dữ liệu cho hệ thống thông tin trường Đại học Cần Thơ : 
245 0 |b Báo cáo tổng kết đề tài khoa học và công nghệ cấp Trường 
245 0 |c Nguyễn Hữu Hòa (chủ nhiệm đề tài) 
260 |a Cần Thơ 
260 |b Trường Đại học Cần Thơ 
260 |c 2015 
520 |a Mục tiêu của đề tài nghiên cứu và xây dựng hệ thống DWH-BI nhằm khai thác hiệu quả khối lượng dữ liệu dữ liệu khổng lồ của ĐHCT. 
650 |a Database design,Database management,Database management systems,Thiết kế CSDL,Quản trị CSDL,Hệ thống quản lý CSDL 
904 |i võ thị cẩm tú,Qhieu 
980 |a Trung tâm Học liệu Trường Đại học Cần Thơ